Financovanie a účtovníctvo občianskych združení v podmienkach konkrétneho občianskeho združenia diplomová práca

Gespeichert in:
Bibliographische Detailangaben
1. Verfasser: Horkaiová, Klaudia
Körperschaft: Fakulta hospodárskej informatiky EU. Katedra účtovníctva a audítorstva
Weitere Verfasser: Užíková, Lenka, 1996-
Format: Buch
Sprache:Slowakisch
Veröffentlicht: Bratislava 2024
Tags: Tag hinzufügen
Keine Tags, Fügen Sie das erste Tag hinzu!

MARC

LEADER 00000nbm a2200000 4500
001 0301198
005 20250204150645.3
041 0 |a slo 
044 |a SK 
245 1 0 |a Financovanie a účtovníctvo občianskych združení v podmienkach konkrétneho občianskeho združenia  |b diplomová práca  |c Klaudia Horkaiová ; školiteľ: Lenka Užíková 
264 1 |a Bratislava  |c 2024 
300 |a 61 s. 
100 1 |a Horkaiová, Klaudia 
700 1 |a Užíková, Lenka, 1996- 
710 2 |a Fakulta hospodárskej informatiky EU. Katedra účtovníctva a audítorstva